Ovoce v česku - Statistics

General Stats
  • This quiz has been taken 33 times
  • The average score is 10 of 15
Answer Stats
Ovoce % Correct
Jablko
100%
Hruška
88%
Maliny
83%
Meruňka
79%
Švestka
79%
Třešeň
75%
Borůvky
71%
Broskev
71%
Jahody
71%
Višeň
71%
Ostružiny
63%
Angrešt
58%
Rybíz
54%
Hroznové víno
29%
Nektarinka
17%
No matching quizzes found
Score Distribution
Percent of People with Each Score
Percentile by Number Answered
Your Score History
You have not taken this quiz